| 000 | 00608nam a2200217 a 4500 | ||
|---|---|---|---|
| 001 | BRL_1763 | ||
| 005 | 20190320211346.0 | ||
| 008 | 280715s19uu----mx-o######---#000-0#spa-# | ||
| 041 | _aspa | ||
| 044 | _amx | ||
| 050 | 4 |
_aF1221.H8 _b.M38 1900 |
|
| 100 | 1 |
_aMata Torres, Ramón _924884 |
|
| 245 | 1 | 0 |
_aPeregrinación del peyote _cRamón Mata Torres. |
| 260 |
_aGuadalajara, Jalisco _bCasa de las Artesanias del Gobierno de Jalisco _c[19--] |
||
| 300 |
_a126 p. _bil. _c23 cm. |
||
| 500 | _aAu2029 | ||
| 650 | 1 | 4 |
_aHuicholes _xReligión _927811 |
| 650 | 1 | 4 |
_aPeyote _925538 |
| 902 | _aGRL | ||
| 942 |
_2lcc _cB |
||
| 999 |
_c10571 _d10571 |
||